Vásárhelyen kerekfejű lányok [vers] /

Elmentve itt :
Bibliográfiai részletek
Szerző: Tornai József
Dokumentumtípus: Cikk
Megjelent: 2006
Sorozat:Tiszatáj 60 No. 10
Kulcsszavak:Magyar irodalom - vers
Online Access:http://tiszataj.bibl.u-szeged.hu/19513
LEADER 00588nab a2200181 i 4500
001 tisza19513
005 20200331092025.0
008 170426s2006 hu o 0|| hun d
022 |a 0133-1167 
040 |a SZTE Tiszatáj Archívum  |b hun 
041 |a hun 
100 1 |a Tornai József 
245 1 0 |a Vásárhelyen kerekfejű lányok   |h [elektronikus dokumentum] :  |b [vers] /  |c  Tornai József 
260 |c 2006 
300 |a 34-35 
490 0 |a Tiszatáj  |v 60 No. 10 
695 |a Magyar irodalom - vers 
856 4 0 |u http://tiszataj.bibl.u-szeged.hu/19513/1/tiszataj_2006_010_034-035.pdf  |z Dokumentum-elérés